000
00215nam a2200085Ia 4500
245
0
_a
The final act
100
_a
GREEN, Hilary London, 2009
_9
84626
942
_c
BK
008
210817s9999 xx 000 0 und d
999
_c
310923
_d
310922